Score 0/30 Timer 05:00
0 Plays Today
Word % Correct
TOY
98.6%
MALL
95.9%
MAIL
95.4%
BID
95.4%
GOT
95.1%
BALL
94.9%
BAND
94.8%
MAID
94%
BIG
93.1%
JIG
91.9%
BALD
91.4%
CLAPS
91%
JOG
90%
TOE
90%
GOY
89.1%
Word % Correct
CHOPS
88.9%
BOND
88.8%
CHAPS
88.2%
JOE
88%
BOD
84.9%
CHOSE
84.8%
CLOSE
80.7%
LOUD
80.2%
LAID
77.2%
CHOSS
73.8%
LAUD
73.8%
CLOUD
68.6%
CLOUT
62.3%
CLAUS
56.4%
CLAUT
45.6%

Today's Daily Dose

Remove Ads.
Support Sporcle.
Get the best of Sporcle when you Go Orange. This ad-free experience offers more features, more stats, and more fun while also helping to support Sporcle. Thank you for becoming a member.

You're not logged in!

Compare scores with friends on all Sporcle quizzes.
OR
Log In

Show Comments

Extras

Top Quizzes Today


Score Distribution

Your Account Isn't Verified!

In order to create a playlist on Sporcle, you need to verify the email address you used during registration. Go to your Sporcle Settings to finish the process.

Report this User

Report this user for behavior that violates our Community Guidelines.

Details: